Hỏi nhanh đáp gọn

Na minha lista:
Detalhes bibliográficos
Autor principal: Vũ Bội Tuyền
Formato: Livro
Idioma:Undetermined
Publicado em: H. Phụ Nữ 2004
Assuntos:
Tags: Adicionar Tag
Sem tags, seja o primeiro a adicionar uma tag!
Thư viện lưu trữ: Trung tâm Học liệu Trường Đại học Cần Thơ
LEADER 00482nam a2200193Ia 4500
001 CTU_58924
008 210402s9999 xx 000 0 und d
020 |b 18000 
082 |a 500 
082 |b T527 
100 |a Vũ Bội Tuyền 
245 0 |a Hỏi nhanh đáp gọn 
245 0 |c Vũ Bội Tuyền 
260 |a H. 
260 |b Phụ Nữ 
260 |c 2004 
650 |a knowledge 
904 |i Minh 
980 |a Trung tâm Học liệu Trường Đại học Cần Thơ